书目信息 |
| 题名: |
教师网络研修活动设计方法与技术
|
|
| 作者: | 杨卉 , 冯涛 编著 | |
| 分册: | ||
| 出版信息: | 北京 北京师范大学出版社 2012 |
|
| 页数: | 182页 | |
| 开本: | 23cm | |
| 丛书名: | ||
| 单 册: | ||
| 中图分类: | G434 | |
| 科图分类: | ||
| 主题词: | 互联网络--计算机辅助教学--中小学--师资培养 | |
| 电子资源: | ||
| ISBN: | 978-7-303-15392-3 | |
| 000 | 01082nam0 2200253 450 | |
| 001 | 338490 | |
| 005 | 20150602100713.10 | |
| 010 | @a978-7-303-15392-3@dCNY24.00 | |
| 100 | @a20130118d2012 em y0chiy50 ea | |
| 101 | 0 | @achi |
| 102 | @aCN@b110000 | |
| 105 | @ay z 000yy | |
| 106 | @ar | |
| 200 | 1 | @a教师网络研修活动设计方法与技术@Ajiao shi wang luo yan xiu huo dong she ji fang fa yu ji shu@f杨卉, 冯涛编著 |
| 210 | @a北京@c北京师范大学出版社@d2012 | |
| 215 | @a182页@d23cm | |
| 300 | @a远程样本研修 | |
| 330 | @a本书在充分研究教师研修规律的基础上, 突出了基于网络支撑平台的非正式和团队合作式的教师网络研修活动特色, 阐述了教师网络研修活动设计的方法和技术、教师网络研修活动实施策略和方法, 以及教师网络研修活动管理方法和技术, 并以具体的教师网络研修活动设计、活动实施和活动管理案例对上述方法和技术加以说明, 促进了读者对上述方法和技术的理解。 | |
| 606 | 0 | @a互联网络@x计算机辅助教学@x中小学@x师资培养 |
| 690 | @aG434@v5 | |
| 701 | 0 | @a杨卉@Ayang hui@c(教育)@4编著 |
| 701 | 0 | @a冯涛@Afeng tao@c(教育)@4编著 |
| 801 | 0 | @aCN@b卓展宏图@c20150525 |
| 905 | @dG434@e110@f4 | |
| 教师网络研修活动设计方法与技术/杨卉, 冯涛编著.-北京:北京师范大学出版社,2012 |
| 182页;23cm |
| 远程样本研修 |
| ISBN 978-7-303-15392-3:CNY24.00 |
| 本书在充分研究教师研修规律的基础上, 突出了基于网络支撑平台的非正式和团队合作式的教师网络研修活动特色, 阐述了教师网络研修活动设计的方法和技术、教师网络研修活动实施策略和方法, 以及教师网络研修活动管理方法和技术, 并以具体的教师网络研修活动设计、活动实施和活动管理案例对上述方法和技术加以说明, 促进了读者对上述方法和技术的理解。 |
| ● |
| 相关链接 |
|
|
|
|
正题名:教师网络研修活动设计方法与技术
索取号:G434/110
 
预约/预借
| 序号 | 登录号 | 条形码 | 馆藏地/架位号 | 状态 | 备注 |
| 1 | 862391 | 208623916 | 第一样本阅览室/ [索取号:G434/110] | 在馆 | |
| 2 | 862392 | 208623925 | 第四借阅区/ [索取号:G434/110] | 在馆 | |
| 3 | 862393 | 208623934 | 第四借阅区/ [索取号:G434/110] | 在馆 | |
| 4 | 862394 | 208623943 | 教育系资料室/ [索取号:G434/110] | 在馆 |